000 00284nam a2200109Ia 4500
008 240625s9999 xx 000 0 und d
041 _aeng
082 _a332.60285 MCD
100 _aMCDONNELL PHILIP J
245 _aOPTIMAL PORTFOLIO MODELING MODELS TO MAXIMIZE RETURN
260 _c2008
999 _c34875
_d34875